Orson Welles en acción
Saved in:
| Main Authors: | , |
|---|---|
| Format: | Bog |
| Sprog: | spansk |
| Udgivet: |
Madrid
Akal
2007
|
| Udgivelse: | 1a. ed |
| Serier: | Akal Cine, 12
|
| Fag: | |
| Tags: |
Tilføj Tag
Ingen Tags, Vær først til at tagge denne postø!
|
MARC
| LEADER | 00000cam a2200000 a 4500 | ||
|---|---|---|---|
| 001 | UCE0009 | ||
| 003 | CL-VaPUC | ||
| 008 | 131227e20070000sp |||||||||||||||||spa|d | ||
| 020 | |a 9788446027508 | ||
| 082 | 0 | 4 | |a 791.430233092 |b BER |2 21 |
| 100 | 0 | |a Berthomé, Jean-Pierre |e author |9 572413 | |
| 700 | 0 | |a Thomas, Francois |e author |9 572414 | |
| 245 | 1 | 0 | |a Orson Welles en acción |
| 250 | |a 1a. ed | ||
| 300 | |a 320 p | ||
| 942 | |c BK | ||
| 945 | |d 20131227 10:32:00 |a dcastane | ||
| 260 | |a Madrid |b Akal |c 2007 | ||
| 600 | 0 | 7 | |a WELLES, ORSON |2 CL-VaPUC |9 335318 |
| 650 | 0 | |a Cine |9 225706 | |
| 650 | 7 | |a PELICULAS CINEMATOGRAFICAS |2 CL-VaPUC |9 572415 | |
| 650 | 0 | |a Crítica e interpretación |9 255042 | |
| 650 | 0 | |a Biografías |9 255210 | |
| 650 | 0 | |a Directores de cine |9 368705 | |
| 583 | |a last modification |c 20131227 10:32:00 |k Rodrigo Vera | ||
| 490 | 0 | |a Akal Cine, 12 | |
| 999 | |c 354331 |d 354329 | ||
| 952 | |0 0 |1 0 |3 erd |4 0 |6 791_430233092000000_BER_2007 |7 0 |8 A |9 460115 |a BIBART |b BIBART |i 5037565 |o 791.430233092 BER 2007 |p 5037565 |r 2025-03-13 |w 2019-11-23 |y BK |z Catalogado en:20131227 |k ART | ||